1441 1913 1917 1981 1229 1778 1205 1369 1381 1110 1243 1735 1802 1621 1035 1718 1502 1200 1111 1189 1722 1914 1688 1779 1608 1157 1862 1373 1478 1031 1248 1991 1380 1169 1372 1832 1325 1020 1027 1082 1688 1487 1133 1211 1854 1124 1994 1852 1305 1865 1379 1771 1441 1718 1591 1104 1040 1828 1451 1784 1282 1406 1023 1648 1279 1005 1208 1362 1568 1118 1881 1438 1815 1094 1304 1570 1787 1862 1235 1138 1022 1172 1921 1881 1615 1649 1222 1415 1352 1302 1388 1243 1849 1985 1616 1598 1267 1870 1304 BCNSPRNW ULIB Ver.6.0+V

เปลี่ยนเป็นภาษาไทย

Change to English
 แสดงรายละเอียดบรรณานุกรม
  กลับหน้าหลัก

Brief Record : Get Marc (ISO 2709) : E-mail record : QR code < ปิดหน้าต่าง
LEADER : 00000nam 2200000uu 4500
001    13399123113
003     ULIB
008    210214s2556||||th 000 0 tha d
020    9789742968137
060 04 WY160^bก425ม 2556
110 1  กระทรวงสาธารณสุข.^bกรมสุขภาพจิตและสำนักการพยาบาล.
245 00 การพยาบาลจิตเวชและสุขภาพจิต /^cกรมสุขภาพจิตและสำนักการพยาบาล.
250    พิมพ์ครั้งที่ 1
260    กรุงเทพฯ :^bกรมสุขภาพจิตและสำนักการพยาบาล,^c2556
300    250 หน้า ;^c30 ซม.
650  7 มาตรฐาน^xการพยาบาลจิตเวช
650  7 การพยาบาลจิตเวชศาสตร์
650  7 จิตเวชศาสตร์^xการพยาบาล
650  7 สุขภาพจิต^xการพยาบาล
700 1  กาญจนา จันทร์ไทย^e,บรรณาธิการ
700 1  ประหยัด ประภาพรหม.^e,บรรณาธิการร่วม
700 1  ราณี พรมานะจิรังกุล.^e,บรรณาธิการร่วม
700 1  ธีรพร สถิรอังกูร.^e,บรรณาธิการร่วม
945    ^p0^l0^i20299
995    ทศพร
999    ^aใช้งานได้ทุกระบบ
รายการนี้ยังไม่มีแท็ก
คุณยังไม่ได้ล็อกอิน คุณสามารถมีกิจกรรมร่วมกับเว็บไซต์ได้ แต่ต้องล็อกอินก่อน ::
  ล็อกอิน

รายการสื่อสารสนเทศ

ลำดับที่ ประเภท เลขเรียก/บาร์โค้ด สถานที่ สถานะ
1. Book การพยาบาล
Book การพยาบาล
สถานะ=หนังสือเก่า
WY160 ก425ม 2556 ฉ.1 
  Barcode: 20299
ห้องสมุดวิทยาเขตนครสวรรค์
►ส่วนจัดเก็บหนังสือเก่า นว.
บนชั้น
  ขอยืม

รายการใกล้เคียง
    หัวเรื่อง [การพยาบาลจิตเวชศาสตร์]

BibComment


ยังไม่เคยถูกคอมเมนท์

คอมเมนท์ทรัพยากรรายการนี้
  คอมเมนท์: การพยาบาลจิตเวชแล..


 Copyright 2026. Bcnsprnw @Library